000 01442nam a2200289 a 4500
003 CO-ViMGA
005 20230915233136.0
008 110719s2015 sp gr 00010 spa d
020 _a9789586653589
040 _aCO-ViMGA
_bspa
_cCO-ViMGA
041 1 _hfre
090 _aC UZAF
100 1 0 _aUzanne, Louis Octave
_d1852-1931
_923893
245 1 3 _aEl fin de los libros
_cOctave Uzanne ; traduccion de Elisabeth Falomir Archambault
250 _aEdicion especial para El Ministerio de Cultura, Biblioteca Nacional de Colombia
260 _aBogota
_bSiglo del Hombre
_c2015
300 _a181 pg̀inas
_c23 cm.
520 1 _a"El fin de los libros es, quizas, el relato mas interesante e incisivo de la obra de Octave Uzanne, pues ya en fecha tan temprana como 1894 anunciaba el fin del objeto libro que, según ľ, sera̕ sustituido por artefactos mecánicos para uso de los lectores. Hoy da̕, augurar el fin del libro impreso no nos suena descabellado, pero hace mas de cien años s l̕o parecerá" (Tomado de la contra- caratula)
534 _tLa fin des livres
650 1 4 _2LEMB
_aAutores franceses
_ySiglo XX
_917676
650 1 4 _2LEMB
_aLiteratura francesa
_ySiglo XX
_910448
650 1 4 _aCuentos franceses
_2LEMB
_ySiglo XX
_924161
650 1 4 _aLectura en la literatura
_2LEMB
_924163
650 1 4 _aLibros en la literatura
_2LEMB
_91535
700 1 0 _aFalomir Archambault, Elisabeth
_etraductor
_924243
942 _2ddc
_cBK
999 _c35569
_d35569